Countries bordering the most other countries - Sudden Death - Statistics

General Stats
  • This quiz has been taken 1,145 times
  • The average score is 4 of 15
Answers on the Grid
Answers color-coded by a green-red scale on the quiz's grid according to % correct below.
Algeria
Austria
Brazil
Chile
China
D.R.Congo
France
Germany
Guinea
Hungary
India
Indonesia
Iran
Kazakhstan
Mali
Mauritania
Namibia
Niger
Nigeria
Panama
Poland
Romania
Russia
Serbia
Spain
Switzerland
Tanzania
Turkey
Zambia
Zimbabwe
 
Answer Stats
Answer % Correct
Russia
65%
China
58%
Germany
50%
D.R.Congo
48%
Brazil
43%
France
35%
Hungary
22%
Austria
20%
Serbia
18%
Turkey
16%
Poland
14%
Niger
11%
Mali
9%
Zambia
8%
Tanzania
7%
No matching quizzes found
Score Distribution
Percent of People with Each Score
Percentile by Number Answered
Your Score History
You have not taken this quiz